Statistics for 2015 University of Michigan Football Schedule

Click here to take the quiz!

General Stats

  • This quiz has been taken 109 times
  • The average score is 10 of 13

Answer Stats

DateHome/AwayScoreOpponent% Correct
11/28/15Home13-42 (L)Ohio State
99%
10/17/15Home23-27 (L)Michigan State
96%
11/21/15Away28-16 (W)Penn State
89%
11/14/15Away48-41 (W/2OT)Indiana
88%
11/7/15Home49-16 (W)Rutgers
84%
10/3/15Away28-0 (W)Maryland
81%
10/31/15Away29-26 (W)Minnesota
81%
1/1/16Bowl Game41-7 (W)Florida
80%
10/10/15Home38-0 (W)Northwestern
77%
9/3/15 (Thursday)Away17-24 (L)Utah
60%
9/26/15Home31-0 (W)BYU
48%
9/12/15Home35-7 (W)Oregon State
45%
9/19/15Home28-7 (W)UNLV
30%

Score Distribution

Percentile by Number Answered

Percent of People with Each Score

Your Score History

You have not taken this quiz